烏山線の駅ごとに対応する七福神 - Statistics

General Stats
  • This quiz has been taken 5 times
  • The average score is 2 of 8
Answer Stats
Hint Answer % Correct
小塙駅 恵比寿神
60%
下野花岡駅 寿老人
40%
滝駅 弁財天
40%
鴻野山駅 福禄寿
20%
宝積寺駅 七福神
0%
仁井田駅 布袋尊
0%
大金駅 大黒天
0%
烏山駅 毘沙門天
0%
No matching quizzes found
Score Distribution
Percent of People with Each Score
Percentile by Number Answered
Your Score History
You have not taken this quiz